| 000 | 00719nam a2200253 a 4500 | ||
|---|---|---|---|
| 001 | nice12345678 | ||
| 003 | IN_TiNIC | ||
| 005 | 20260116011337.0 | ||
| 008 | 050524s1907 phia grp 000 0 eng | ||
| 020 |
_a _c100 |
||
| 082 | 0 | 0 |
_a230 _bSTR1 |
| 100 | _aStrong, Augustus Hopkins | ||
| 245 |
_aSystematic Theology _b Doctrine of Salvation. |
||
| 260 |
_aPhiladelphia _bGriffith and Rowland Press _c1907 |
||
| 300 | _a370p | ||
| 500 | _aincludes index and biblioraphy | ||
| 505 | 2 | _aThe assumption of Moses tr. by Ferrar a g | |
| 505 | 2 |
_aThe assumption of Moses tr. by Ferrar a g00 _gV3. _tSyst |
|
| 650 | _aTheology | ||
| 700 | 1 | _aStrong, Augustus Hopkins | |
| 902 | _bRBA | ||
| 942 | _cBK | ||
| 999 |
_c685 _d685 |
||